Loading...
| Literature - World | 2 | 5 | 1 | 0 | 75 | 63 | 94.71 | 3 | 7 | 0.00 | 0.00 |
| Fine Arts - Auditory | 1 | 6 | 1 | 0 | 70 | 57 | 80.00 | 7 | 7 | 0.00 | 0.00 |
| Fine Arts - Visual | 1 | 5 | 0 | 1 | 65 | 61 | 101.33 | 4 | 6 | 0.00 | 0.00 |
| Literature - European | 0 | 6 | 1 | 0 | 55 | 88 | 112.83 | 4 | 6 | 0.00 | 0.00 |
| Science - Chemistry | 1 | 4 | 0 | 0 | 55 | 11 | 72.60 | 4 | 5 | 0.00 | 0.00 |
| Mythology | 0 | 5 | 1 | 1 | 45 | 87 | 118.00 | 1 | 5 | 0.00 | 0.00 |
| Literature - American | 1 | 3 | 1 | 0 | 40 | 87 | 105.25 | 3 | 4 | 0.00 | 0.00 |
| Religion | 1 | 2 | 0 | 0 | 35 | 51 | 80.00 | 2 | 3 | 0.00 | 0.00 |
| History - Other | 0 | 3 | 0 | 0 | 30 | 78 | 87.67 | 1 | 3 | 0.00 | 0.00 |
| Philosophy | 0 | 3 | 1 | 1 | 25 | 111 | 127.67 | 3 | 3 | 0.00 | 0.00 |
| Science - Physics | 1 | 1 | 0 | 0 | 25 | 60 | 80.00 | 2 | 2 | 0.00 | 0.00 |
| History - European | 0 | 2 | 0 | 1 | 20 | 93 | 100.00 | 1 | 2 | 0.00 | 0.00 |
| Literature - British | 2 | 0 | 2 | 0 | 20 | 67 | 72.00 | 2 | 2 | 0.00 | 0.00 |
| Fine Arts - Other | 0 | 2 | 0 | 0 | 20 | 74 | 83.50 | 1 | 2 | 0.00 | 0.00 |
| Science - Biology | 0 | 2 | 0 | 1 | 20 | 77 | 89.50 | 0 | 2 | 0.00 | 0.00 |
| Science - Other | 0 | 2 | 1 | 0 | 15 | 80 | 86.00 | 1 | 2 | 0.00 | 0.00 |
| History - American | 0 | 1 | 0 | 0 | 10 | 96 | 96.00 | 1 | 1 | 0.00 | 0.00 |
| Mythology- Edited | 0 | 1 | 0 | 0 | 10 | 110 | 110.00 | 1 | 1 | 0.00 | 0.00 |
| History - World | 0 | 1 | 1 | 0 | 5 | 115 | 115.00 | 0 | 1 | 0.00 | 0.00 |